000 00547nam a2200193 i 4500
001 142771
003 ES-MaACL
005 20250903005840.0
007 t|
008 071010s1970 sp ||||1| spa d
080 _a517.2/.3(075.8)
100 1 _aVidal Abascal, Enrique.
_9114464
245 1 0 _aCálculo infinitesimal /
_cpor Enrique Vidal Abascal.
260 _aMadrid :
_bDossat,
_c1970.
300 _aXVI, 438 p. :
_bil. ;
_c24 cm.
650 7 _aCálculo
_2embne
_910668
852 _aES-MaACL
_jE-6852
_bR.91322
999 _c142771
_d142771